ARRUPE JESUIT UNIVERSITY

CORONAVIRUS -STOP THE SPREAD - CLEAN,DISINFECT,COVER

On the truth of the Catholic faith (Record no. 95118)

MARC details
000 -LEADER
fixed length control field 00532nam a2200229Ia 4500
003 - CONTROL NUMBER IDENTIFIER
control field 0100
005 - DATE AND TIME OF LATEST TRANSACTION
control field 20171016121909.0
008 - FIXED-LENGTH DATA ELEMENTS--GENERAL INFORMATION
fixed length control field 130307s9999 xx 000 0 und d
040 ## - CATALOGING SOURCE
Transcribing agency ARRUPELIB
050 ## - LIBRARY OF CONGRESS CALL NUMBER
Classification number B765.T531 1955
300 ## - PHYSICAL DESCRIPTION
Other physical details 19cm.
100 ## - MAIN ENTRY--PERSONAL NAME
Personal name Aquinas, Thomas Saint
9 (RLIN) 37106
245 ## - TITLE STATEMENT
Title On the truth of the Catholic faith
245 ## - TITLE STATEMENT
Remainder of title summa contra gentiles
260 ## - PUBLICATION, DISTRIBUTION, ETC. (IMPRINT)
Name of publisher, distributor, etc Hanover House
Place of publication, distribution, etc New York
Date of publication, distribution, etc 1955
300 ## - PHYSICAL DESCRIPTION
Extent 317p.
650 ## - SUBJECT ADDED ENTRY--TOPICAL TERM
Topical term or geographic name as entry element PHILOSOPHY
9 (RLIN) 37107
650 ## - SUBJECT ADDED ENTRY--TOPICAL TERM
Topical term following geographic name as entry element Philosophy
9 (RLIN) 37108
700 ## - ADDED ENTRY--PERSONAL NAME
Personal name Pegis, Anton C
9 (RLIN) 37109
942 00 - ADDED ENTRY ELEMENTS (KOHA)
Koha issues (borrowed), all copies 2
Source of classification or shelving scheme Library of Congress Classification
Koha item type Monograph ( Printed materials)
Holdings
Withdrawn status Lost status Source of classification or shelving scheme Damaged status Not for loan Home library Current library Shelving location Date acquired Total Checkouts Full call number Barcode Date last seen Copy number Price effective from Koha item type Collection code Date checked out
    Library of Congress Classification     ARRUPE LIBRARY ARRUPE LIBRARY Main Collection 07/03/2013   B765.T531 C61 P4 1955 46003024651 07/03/2013 1 07/03/2013 Monograph ( Printed materials)    
    Library of Congress Classification     ARRUPE LIBRARY ARRUPE LIBRARY Main Collection 07/03/2013 2 B765.T531 C61 P4 1955 46500027579 05/05/2015 2 07/03/2013 Monograph ( Printed materials) Main Collection 21/04/2015
    Library of Congress Classification     ARRUPE LIBRARY ARRUPE LIBRARY Main Collection 07/03/2013   B765.T531 C61 P4 1955 46003024693 07/03/2013 3 07/03/2013 Monograph ( Printed materials) Main Collection  
    Library of Congress Classification     ARRUPE LIBRARY ARRUPE LIBRARY Main Collection 07/03/2013   B765.T531 C61 P4 1955 46003024696 07/03/2013 4 07/03/2013 Monograph ( Printed materials) Main Collection  
    Library of Congress Classification     ARRUPE LIBRARY ARRUPE LIBRARY Main Collection 07/03/2013   B765.T531 C61 P4 1955 46003024692 07/03/2013 5 07/03/2013 Monograph ( Printed materials) Main Collection  
    Library of Congress Classification     ARRUPE LIBRARY ARRUPE LIBRARY Main Collection 07/03/2013   B765.T531 C61 P4 1955 46003024650 07/03/2013 6 07/03/2013 Monograph ( Printed materials) Main Collection  
    Library of Congress Classification     ARRUPE LIBRARY ARRUPE LIBRARY Main Collection 07/03/2013   B765.T531 C61 P4 1955 46003024614 07/03/2013 7 07/03/2013 Monograph ( Printed materials) Main Collection  
    Library of Congress Classification     ARRUPE LIBRARY ARRUPE LIBRARY Main Collection 07/03/2013   B765.T531 C61 P4 1955 46003024611 07/03/2013 8 07/03/2013 Monograph ( Printed materials) Main Collection  
    Library of Congress Classification     ARRUPE LIBRARY ARRUPE LIBRARY Main Collection 07/03/2013   B765.T531 C61 P4 1955 46003090120 07/03/2013 9 07/03/2013 Monograph ( Printed materials) Main Collection  
    Library of Congress Classification     ARRUPE LIBRARY ARRUPE LIBRARY Main Collection 07/03/2013   B765.T531 C61 P4 1955 46003024690 07/03/2013 10 07/03/2013 Monograph ( Printed materials) Main Collection  

 

Arrupe Library. PO Box MP320 Mt Pleasant, Harare, Zimbabwe
263 242 745411|librarian@aju.ac.zw